Akta pengurusan sisa pepejal dan pembersihan awam 2007 (Akta 672) & Akta perbadanan pengurusan sisa pepejal dan pembersihan awam 2007 (Akta 637) : hingga 25hb Mac 2009

Bibliographic Details
Corporate Authors: Malaysia, International Law Book Services
Format: Book
Language:Malay
Published: Selangor : International Law Book Services , 2009
Subjects:

MARC

LEADER 00000cam a2200000 7i4500
001 0000020338
005 20100305.0
008 100224s my # may
020 |a 9789678920018 ,   |c RM19.95 
040 |a INS 
090 0 0 |a KPG1562.A312007 2009 
110 1 |a Malaysia 
245 1 0 |a Akta pengurusan sisa pepejal dan pembersihan awam 2007 (Akta 672) & Akta perbadanan pengurusan sisa pepejal dan pembersihan awam 2007 (Akta 637) :   |b hingga 25hb Mac 2009   |c disusun oleh Lembaga Penyelidikan Undang-undang 
260 |a Selangor :   |b International Law Book Services ,   |c 2009 
300 |a 129ms. ;   |c 24cm. 
650 0 |a Hazardaus waste sites   |x Law and legislation   |z Malaysia 
650 0 |a Hazardous waste management   |x Law and legislation   |z Malaysia 
650 0 |a Hazardous waste site remediation   |x Law and legislation   |z Malaysia 
710 1 |a International Law Book Services ,   |c Lembaga Penyelidikan Undang-undang 
999 |a 0000021436   |b BOOK   |c Acts   |e Default branch 
999 |a SER0001770   |b BOOK   |c Open Shelf   |e Default branch